Fenológia druhov komárov (Diptera, Culicidae) inundačného územia rieky Morava

Bibliographic Details
Main Author: Michalková, Veronika (Author)
Format: Article
Language:Slovak
ISBN:8089186009
Subjects:

MARC

LEADER 00000nab a2200000 a 4500
001 vtls000887736
003 SK-MaSNL
005 20260303171209.0
008 161006c2004 xo 0 slo
015 |a SNBRA2004/10-29748 
035 |a CLN000239171 
040 |a SNKBUCL  |b slo  |c SNKBUCL  |e AACR2 
041 0 |a slo 
044 |a xo  |c SK 
080 |a 581.04:595.771  |2 1997 
080 |a 551.506.8:595.771  |2 1997 
080 |a 595.771:581.04  |2 1997 
100 1 |a Michalková, Veronika  |4 aut  |9 1195411 
245 1 0 |a Fenológia druhov komárov (Diptera, Culicidae) inundačného územia rieky Morava  |c Veronika Michalková 
504 |a Bibliogr. odkazy 
650 0 7 |a komáre  |2 snkbucl  |9 19241 
650 0 7 |a fenológia  |2 snkbucl  |9 753 
650 0 7 |a fauna  |2 snkbucl  |9 3748 
651 7 |a Morava (rieka)  |2 snkbucl  |9 106923 
655 7 |a články z novín a časopisov  |2 snkbucl  |9 267496 
773 0 |z 8089186009  |t Študentská vedecká konferencia. 1. zväzok  |d Bratislava : Univerzita Komenského, 2004  |g S. 56-58 
850 |a Slovenská národná knižnica v Martine 
852 |a SNK  |b KIS3GCP 
958 |a NB 
958 |a RBX 
999 |c 2080296  |d 2082226